Escuela de padres: guías de orientación para reuniones de apoderados

Saved in:
Bibliografiske detaljer
Hovedforfatter: Utillano Otárola, Héctor Elías (Author)
Format: Bog
Sprog:spansk
Udgivet: Valparaíso Salesianos 2003
Fag:
Tags: Tilføj Tag
Ingen Tags, Vær først til at tagge denne postø!

MARC

LEADER 00000nam a2200000 a 4500
001 UCM9967
003 CL-VaPUC
008 030530e20030000CL |||||||||||||||||spa|d
020 |a 9562916650 
082 0 4 |a 371.192  |b UTI  |2 21 
100 0 |a Utillano Otárola, Héctor Elías  |e author  |9 476650 
245 1 0 |a Escuela de padres: guías de orientación para reuniones de apoderados 
300 |a 339 p 
942 |c BK 
945 |d 20030530 00:00:00  |a cmena 
260 |a Valparaíso  |b Salesianos  |c 2003 
650 7 |a RELACION PADRES ESCUELA  |2 CL-VaPUC  |9 476651 
650 0 |a Familias   |9 255641 
650 0 |a Rol del docente  |9 329733 
650 0 |a Relaciones interpersonales  |9 307056 
583 |a last modification  |c 20030530 00:00:00  |k Rodrigo Vera 
999 |c 304035  |d 304033 
952 |0 0  |1 0  |4 0  |6 371_192000000000000_UTI_2003  |7 0  |8 A  |9 365781  |a BIBEDU  |b BIBEDU  |d 2019-11-21  |i 3907554  |o 371.192 UTI 2003  |p 3907554  |r 2019-11-21  |w 2019-11-21  |y BK  |k EPE 
952 |0 0  |1 0  |4 0  |6 371_192000000000000_UTI_2003  |7 0  |8 A  |9 365782  |a BIBEDU  |b BIBEDU  |d 2019-11-21  |i 4450205  |o 371.192 UTI 2003  |p 4450205  |r 2019-11-21  |w 2019-11-21  |y BK  |k EBA